000 00549 a2200169 4500
020 _a8124205175 (hardcover)
020 _a9788124205174 (hardcover)
090 _c5421
_d5421
100 1 _aJeffries, David.
245 1 0 _aTotal quality /
_cDavid Jeffries, Bill Evans, Peter Reynolds.
260 _a[S.l.] :
_bCrest Publishing House,
_c2007.
300 _a159 p.
700 1 _aEvans, Bill.
700 1 _aReynolds, Peter.
856 4 0 _3Amazon.com
_uhttp://www.amazon.com/exec/obidos/ASIN/8124205175/chopaconline-20
942 _aNBS
_cBK
_k658.4012 JEF
999 _c347829
_d347829